[Event "2nd Metropolitan International"]
[Site "Los Angeles USA"]
[Date "2012.08.16"]
[Round "5"]
[White "Xia,Yusheng"]
[Black "Mousseri,Daniel"]
[Result "1-0"]
[WhiteElo "2086"]
[BlackElo "2018"]

1.d4 Nf6 2.c4 g6 3.Nc3 Bg7 4.e4 d6 5.Nf3 O-O 6.Be2 e5 7.O-O Na6 8.Be3 Ng4
9.Bg5 Qe8 10.dxe5 Nxe5 11.Nd4 h6 12.Be3 Nc6 13.Ndb5 Qd8 14.Qd2 Kh7 15.Rac1 Be6
16.b3 Qd7 17.Nd5 f5 18.exf5 Bxf5 19.h3 Rae8 20.Rfd1 Ne5 21.Nd4 Rf7 22.Nxf5 Qxf5
23.f4 Nd7 24.Bd3 Qh5 25.Be2 Qf5 26.Bg4 Qe4 27.Re1 c6 28.Bf2 cxd5 29.Rxe4 Rxe4
30.f5 gxf5 31.Qxd5 Nf6 32.Bxf5+ Kg8 33.Bxe4 Nxd5 34.Bxd5 Nc5 35.Bxc5 dxc5
36.Rf1 Bd4+ 37.Kh1  1-0

[Event "25th Panevezys Open"]
[Site "Panevezys LTU"]
[Date "2012.08.16"]
[Round "6.6"]
[White "Kviliunas,V"]
[Black "Jankunas,T"]
[Result "0-1"]
[WhiteElo "1836"]
[BlackElo "1975"]

1.d4 Nf6 2.c4 g6 3.Nc3 Bg7 4.e4 d6 5.Nf3 O-O 6.Be2 e5 7.dxe5 dxe5 8.Bg5 Nbd7
9.Qc2 c6 10.O-O Qc7 11.Rad1 Nc5 12.b4 Ne6 13.Bh4 Nh5 14.Rfe1 Nhf4 15.Bf1 a5
16.a3 b6 17.Ne2 h6 18.Nd2 g5 19.Bg3 Qe7 20.Qb3 axb4 21.axb4 c5 22.b5 Nxe2+
23.Bxe2 Nd4 24.Qc3 Ra2 25.Bf1 Be6 26.Ra1 Rfa8 27.Rxa2 Rxa2 28.Bd3 Qa7 29.Nb1 g4
30.Kf1 Qa4 31.Qc1 Qb4 32.f4 gxf3 33.gxf3 Bh3+  0-1

[Event "LBV Open A 2012"]
[Site "Roosendaal NED"]
[Date "2012.08.16"]
[Round "1.13"]
[White "De Jong,JW"]
[Black "De Roode,M"]
[Result "1-0"]
[WhiteElo "2441"]
[BlackElo "2110"]

1.d4 Nf6 2.c4 g6 3.Nc3 Bg7 4.e4 d6 5.Nf3 O-O 6.Be2 e5 7.Be3 Na6 8.O-O Ng4
9.Bg5 Qe8 10.h3 h6 11.Bh4 Nf6 12.Bxf6 Bxf6 13.c5 exd4 14.Nd5 Bd8 15.Bxa6 c6
16.Nf4 Qxe4 17.Qd2 bxa6 18.Rfe1 Qf5 19.cxd6 c5 20.Re5 Qf6 21.Nd5 Qg7 22.Rc1 Bb7
23.Rxc5 Bf6 24.Qxd4 Bxd5 25.Qxd5 Bxe5 26.Nxe5 Rad8 27.d7 Qf6 28.Rc6 Qf5 29.Rxg6+ Kh7
30.Rd6 Qb1+ 31.Kh2 Qxb2 32.Qe4+ Kg8 33.Rxh6  1-0

[Event "2nd Split Open 2012"]
[Site "Split CRO"]
[Date "2012.08.16"]
[Round "6.4"]
[White "Djurovic,G"]
[Black "Dragomirescu,R"]
[Result "1/2-1/2"]
[WhiteElo "2378"]
[BlackElo "2377"]

1.c4 Nf6 2.Nf3 g6 3.Nc3 Bg7 4.e4 d6 5.d4 O-O 6.Be2 e5 7.O-O exd4 8.Nxd4 Re8
9.f3 c6 10.Kh1 Nbd7 11.Bg5 Qb6 12.Nb3 a5 13.Qd2 a4 14.Be3 Qc7 15.Nd4 Nc5
16.Rfd1 Nfd7 17.Bf1  1/2-1/2

[Event "2nd Split Open 2012"]
[Site "Split CRO"]
[Date "2012.08.16"]
[Round "6.33"]
[White "Lopez de Turiso,J"]
[Black "Katavic,B"]
[Result "0-1"]
[WhiteElo "2046"]
[BlackElo "2182"]

1.Nf3 Nf6 2.c4 g6 3.Nc3 Bg7 4.e4 d6 5.d4 O-O 6.Be2 c6 7.O-O e5 8.dxe5 dxe5
9.Qxd8 Rxd8 10.Bg5 Re8 11.Rad1 Nbd7 12.h3 Nc5 13.Bd3 Nh5 14.Rfe1 Ne6 15.Kh2 Nxg5
16.Nxg5 h6 17.Nf3 Nf4 18.Bf1 Ne6 19.g3 g5 20.Bg2 Nd4 21.Nxd4 exd4 22.Nb1 Be6
23.Nd2 a5 24.Bf1 a4 25.Bd3 Rab8 26.b3 b5 27.bxa4 bxc4 28.Bxc4 Bxc4 29.Nxc4 Rb4
30.Nd6 Rd8 31.e5 Bxe5 32.Rxe5 Rxd6 33.Rd2 Rc4 34.Kg2 Rc3 35.Kf1 d3 36.f4 gxf4
37.gxf4 Rc1+ 38.Kf2 c5 39.a5 c4 40.Re3 Kg7 41.f5 Kf6 42.Rf3 Rd5 43.Ke3 Re1+
44.Kf2 Re4 45.a6 Ra5 46.a7 Rxa7 47.Rb2 Ke5 48.f6 Kd4 49.Rf5 Ra4 50.Rfb5 Kc3
51.Rb7 Rf4+ 52.Ke3 Rxf6 53.Rg2 Raa6  0-1

[Event "Husek Vienna Open A"]
[Site "Vienna AUT"]
[Date "2012.08.16"]
[Round "4"]
[White "Juhasz,Kr"]
[Black "Atalik,S"]
[Result "1/2-1/2"]
[WhiteElo "2377"]
[BlackElo "2606"]

1.d4 Nf6 2.c4 g6 3.Nc3 Bg7 4.e4 d6 5.Nf3 O-O 6.Be2 c6 7.O-O e5 8.d5 a5 9.Ne1 Na6
10.Be3 Bd7 11.f3 Rc8 12.Qd2 cxd5 13.cxd5 Nc5 14.Nd3 Nxd3 15.Bxd3 Nh5 16.Nb5 Bxb5
17.Bxb5 f5 18.Rac1 Rxc1 19.Qxc1 fxe4 20.fxe4 Nf6 21.Qc2 Ng4 22.Rxf8+ Bxf8
23.Qe2 Nxe3 24.Qxe3 Bh6 25.Qxh6 Qb6+ 26.Kh1 Qxb5 27.Qc1 Qd7 28.h3 Kg7 29.Qc3 Qd8
30.b3 h5 31.Qc4 Kh6 32.Qc1+ Kg7 33.Qc4 g5 34.Qb5 b6 35.Qf1 Qc8 36.Qd1 Kg6
37.g4 h4 38.Qf1 Kg7 39.Qf5 Qc1+ 40.Kg2 Qc2+ 41.Kf3 Qd3+ 42.Kf2 Qd2+ 43.Kf3 Qd3+
44.Kf2 Qd2+  1/2-1/2

[Event "14th Sants Open A"]
[Site "Barcelona ESP"]
[Date "2012.08.17"]
[Round "1.10"]
[White "Narciso Dublan,M"]
[Black "Ponce Garcia,J"]
[Result "1-0"]
[WhiteElo "2528"]
[BlackElo "2102"]

1.d4 Nf6 2.c4 g6 3.Nc3 Bg7 4.e4 d6 5.Be2 O-O 6.Nf3 e5 7.d5 a5 8.Bg5 h6 9.Bh4 Na6
10.Nd2 Qe8 11.O-O Bd7 12.Kh1 h5 13.f3 Nh7 14.a3 Bh6 15.b3 Be3 16.Ra2 Bd4
17.Qc1 g5 18.Bf2 Bxf2 19.Rxf2 f6 20.Nf1 Qg6 21.Rb2 Rf7 22.b4 g4 23.f4 Qh6
24.Qe3 Raf8 25.f5 Ng5 26.c5 axb4 27.axb4 Rg7 28.c6 h4 29.Bxa6 g3 30.Rfc2 bxc6
31.h3 Ra8 32.dxc6 Rxa6 33.cxd7 Rxd7 34.Qe2 Ra1 35.Ra2 Rxa2 36.Rxa2 Rg7 37.Ne3 Nxh3
38.gxh3 g2+ 39.Nxg2  1-0

[Event "ch-FRA w 2012"]
[Site "Pau FRA"]
[Date "2012.08.17"]
[Round "4"]
[White "Maisuradze,N"]
[Black "Skripchenko,A"]
[Result "1-0"]
[WhiteElo "2284"]
[BlackElo "2442"]

1.d4 d6 2.c4 e5 3.Nc3 Nd7 4.Nf3 Ngf6 5.e4 g6 6.Be2 Bg7 7.O-O O-O 8.Qc2 Nh5
9.Rd1 Nf4 10.Bf1 c5 11.dxc5 dxc5 12.Bxf4 exf4 13.Rd2 g5 14.h3 h5 15.Rad1 g4
16.Nh2 Bd4 17.Kh1 a6 18.Ne2 Be5 19.Rd5 Qe7 20.Qd2 Nb6 21.Nxf4 Nxd5 22.Nxd5 Qd8
23.Qh6 Bg7 24.Qxh5 f5 25.hxg4 fxe4 26.g5 Rf5 27.f4 Be6 28.g4 Bf7 29.Qh3 Rxd5
30.cxd5 Bd4 31.Bg2 Bxd5 32.g6 Qe7 33.g5 Qg7 34.f5 Bc6 35.Ng4 Rd8 36.Re1 e3
37.Bxc6 bxc6 38.Nxe3 Re8 39.Ng2 Rxe1+ 40.Nxe1 Bxb2 41.Qb3+ c4 42.Qxc4+ Kf8
43.Qb4+ Qe7 44.Qxe7+ Kxe7 45.f6+ Bxf6 46.gxf6+ Kxf6 47.Kg2 Kxg6 48.Kf3 Kf5
49.Nd3 c5 50.Nxc5 Ke5 51.Ke3 Kd5 52.Nxa6 Kc4 53.Ke4  1-0

[Event "EY Boys U18 2012"]
[Site "Prague CZE"]
[Date "2012.08.17"]
[Round "1.39"]
[White "Blazeka,M"]
[Black "Krusina,P"]
[Result "1-0"]
[WhiteElo "2245"]
[BlackElo "1922"]

1.d4 Nf6 2.c4 g6 3.Nc3 Bg7 4.e4 d6 5.Nf3 O-O 6.Be2 e5 7.d5 Nbd7 8.Bg5 h6
9.Bh4 g5 10.Bg3 Nh5 11.h4 Nxg3 12.fxg3 g4 13.Nd2 h5 14.Bd3 Nc5 15.Qe2 f5
16.exf5 Nxd3+ 17.Qxd3 Bxf5 18.Nde4 Bh6 19.O-O Qe7 20.Rf2 Bh7 21.Re2 Rf7 22.c5 a6
23.cxd6 cxd6 24.Qc4 Qd8 25.Qb4 Bf8 26.Ng5 Re7 27.Nce4 Bxe4 28.Qxe4 Qe8 29.Rf1 Bh6
30.Ref2 Bxg5 31.hxg5 Rg7 32.Rf6 Rd8 33.g6 Qb5 34.Qf5 Qc5+ 35.Kh2 Qc8 36.Qg5 Qc7
37.Rf7 Qc8 38.Rxg7+ Kxg7 39.Qe7+ Kh6 40.g7 Rg8  1-0

[Event "EY Boys U18 2012"]
[Site "Prague CZE"]
[Date "2012.08.17"]
[Round "1.26"]
[White "Starek,Stanislav"]
[Black "Tomazini,Z"]
[Result "0-1"]
[WhiteElo "2052"]
[BlackElo "2345"]

1.d4 Nf6 2.c4 g6 3.Nc3 Bg7 4.e4 d6 5.Nf3 O-O 6.Be2 Na6 7.O-O e5 8.Be3 Ng4
9.Bg5 Qe8 10.dxe5 dxe5 11.h3 f6 12.Bd2 Nh6 13.Be3 c6 14.c5 Nf7 15.Bxa6 bxa6
16.Qa4 Rb8 17.b3 f5 18.exf5 gxf5 19.Rfe1 Rb7 20.Re2 e4 21.Bd4 Nd8 22.Bxg7 Rxg7
23.Ne1 Ne6 24.Re3 Kh8 25.f3 Qh5 26.fxe4 f4 27.Rf3 Ng5 28.Qd4 Nxf3+ 29.Nxf3 Qg6
30.Ne1 f3  0-1

[Event "EY Boys U16 2012"]
[Site "Prague CZE"]
[Date "2012.08.17"]
[Round "1.25"]
[White "Grandadam,P"]
[Black "Walek,Petr"]
[Result "0-1"]
[WhiteElo "2237"]
[BlackElo "1952"]

1.Nf3 Nf6 2.c4 g6 3.Nc3 Bg7 4.e4 d6 5.d4 O-O 6.Be2 e5 7.O-O Nbd7 8.Qc2 c6
9.Rd1 Qc7 10.Rb1 Re8 11.b4 Nf8 12.d5 Bg4 13.Bg5 Rad8 14.Qa4 a6 15.h3 Bxf3
16.Bxf3 h6 17.Be3 Rc8 18.Rbc1 Red8 19.Be2 c5 20.Rb1 N8d7 21.b5 a5 22.b6 Nxb6
23.Qxa5 Nbxd5 24.Qxc7 Nxc7 25.Rb6 Ne6 26.Rdxd6 Rxd6 27.Rxd6 Nd4 28.Bd3 Kh7
29.Rb6 Rc7 30.Bxd4 exd4 31.Nb5 Re7 32.Nd6 Re6 33.f4 Nd7 34.Rxb7 Rxd6 35.e5 Bxe5
36.fxe5 Nxe5 37.Be2 d3 38.Bd1 Kg7 39.Rc7 Nxc4 40.Kf2 Nb2 41.Ke1 d2+ 42.Ke2 Re6+
43.Kxd2 Rd6+ 44.Kc3 Nxd1+ 45.Kc4 Ne3+ 46.Kb5 c4 47.a4 Rd3 48.a5 c3  0-1

[Event "11th Lichtenberger Sommer 2012"]
[Site "Berlin GER"]
[Date "2012.08.18"]
[Round "1.25"]
[White "Sieglen,J"]
[Black "Schoenberger,K"]
[Result "1-0"]
[WhiteElo "2281"]
[BlackElo "1899"]

1.d4 Nf6 2.c4 g6 3.Nc3 Bg7 4.e4 d6 5.Nf3 O-O 6.Be2 e5 7.Be3 Nc6 8.d5 Ne7
9.Nd2 Nd7 10.b4 f5 11.f3 Nf6 12.c5 f4 13.Bf2 g5 14.Nc4 Ne8 15.a4 Rf6 16.a5 h5
17.cxd6 Nxd6 18.Nxd6 cxd6 19.Rc1 Bd7 20.Bb5 g4 21.Bh4 Rg6 22.Bxd7 Qxd7 23.Bxe7 Qxe7
24.O-O Qg5 25.Nb5 a6 26.Nc7 Rc8 27.Ne6 Rxc1 28.Qxc1 Qh4 29.Qc8+ Kh7 30.Qd8 Bf6
31.Nf8+ Kg7 32.Nxg6 Qxh2+ 33.Kxh2 Bxd8 34.Rc1 Kxg6 35.Rc8 Bh4 36.Rc7 Be1
37.Rxb7 gxf3 38.gxf3 h4 39.Kh3  1-0

[Event "11th Lichtenberger Sommer 2012"]
[Site "Berlin GER"]
[Date "2012.08.18"]
[Round "1.76"]
[White "Breitwieser,J"]
[Black "Korb,Viktor"]
[Result "1-0"]
[WhiteElo "1938"]
[BlackElo "1629"]

1.d4 Nf6 2.Nf3 g6 3.c4 Bg7 4.Nc3 O-O 5.e4 d6 6.Be2 Nbd7 7.O-O e5 8.d5 Nc5
9.Qc2 Nh5 10.b4 Na6 11.Rb1 f5 12.Ne1 Nf6 13.f3 c5 14.bxc5 Nxc5 15.Nd3 b6
16.Nb4 f4 17.Nc6 Qd7 18.Nb5 g5 19.a4 h5 20.a5 bxa5 21.Nxa5 a6 22.Nc3 Qc7
23.Nb3 g4 24.Ba3 gxf3 25.Bxf3 Bg4 26.Nxc5 dxc5 27.Na4 Nd7 28.Qd1 Bxf3 29.Rxf3 Rf6
30.Rfb3 Bf8 31.Rb7 Qc8 32.Qxh5 Rf7 33.R1b6 Rb8 34.Qg4+ Bg7 35.Rxb8 Qxb8 36.Rxb8+ Nxb8
37.Nxc5  1-0

[Event "12th ch-Euro Seniors"]
[Site "Kaunas LTU"]
[Date "2012.08.18"]
[Round "1.45"]
[White "Pintauro,Tonino"]
[Black "Malachi,A"]
[Result "0-1"]
[WhiteElo "1609"]
[BlackElo "2127"]

1.d4 Nf6 2.c4 g6 3.Nc3 Bg7 4.e4 d6 5.Nf3 O-O 6.Be2 e5 7.dxe5 dxe5 8.Qxd8 Rxd8
9.Bg5 c6 10.O-O h6 11.Bxf6 Bxf6 12.Rfd1 Re8 13.Rd6 Kg7 14.Rad1 Na6 15.a3 Nc5
16.b4 Ne6 17.g3 Nd4 18.Nxd4 exd4 19.Na4 Rxe4 20.Bf3 Re8 21.b5 Be5 22.R6xd4 Bxd4
23.Rxd4 Bh3 24.Rd1 cxb5 25.cxb5 Rad8 26.Rc1 Rd7 27.Nc5 Rc7 28.Bg2 Rxc5  0-1

[Event "LBV Open A 2012"]
[Site "Roosendaal NED"]
[Date "2012.08.18"]
[Round "4.7"]
[White "De Jong,JW"]
[Black "Wantola,I"]
[Result "1/2-1/2"]
[WhiteElo "2441"]
[BlackElo "2330"]

1.d4 Nf6 2.c4 g6 3.Nc3 Bg7 4.e4 d6 5.Be2 O-O 6.Nf3 e5 7.Be3 exd4 8.Nxd4 Re8
9.f3 Nc6 10.O-O Nh5 11.Qd2 Nf4 12.Rfd1 Bxd4 13.Bxd4 Qg5 14.Bf1 Nxd4 15.Qxd4 Be6
16.g3 Nh5 17.Bg2 Qe5 18.f4 Qxd4+ 19.Rxd4 Ng7 20.b3 Re7 21.Kf2 Rb8 22.Rc1 a6
23.Nd5 Bxd5 24.cxd5 Kf8 25.Rdc4 Ne8 26.g4 f6 27.g5 fxg5 28.fxg5 Rd8 29.Kg3 Re5
30.h4 Rd7 31.a4 Rf7 32.a5 c6 33.dxc6 bxc6 34.Rxc6 Rxa5 35.Bf1 Re5 36.Bc4 Rb7
37.Rxa6 Rxe4 38.Ra8 Kg7 39.Rc3 Re5 40.Kf4 Rbe7 41.Rd3  1/2-1/2

[Event "LBV Open A 2012"]
[Site "Roosendaal NED"]
[Date "2012.08.19"]
[Round "6.4"]
[White "L'Ami,E"]
[Black "Kleijn,C"]
[Result "1-0"]
[WhiteElo "2628"]
[BlackElo "2418"]

1.d4 Nf6 2.c4 g6 3.Nc3 Bg7 4.e4 d6 5.Nf3 O-O 6.Be2 e5 7.O-O Na6 8.Be3 Ng4
9.Bg5 Qe8 10.h3 h6 11.Bh4 Nf6 12.Bxf6 Bxf6 13.c5 dxc5 14.Nd5 Bd8 15.dxe5 b6
16.Qc1 Kg7 17.Nf6 Qe7 18.Rd1 Nb8 19.Qf4 c6 20.Rd2 Bc7 21.Rad1 Be6 22.b3 b5
23.Nd5 cxd5 24.exd5 Ba5 25.dxe6 Bxd2 26.Rxd2 Qxe6 27.Bxb5 a6 28.Rd6 Qe7 29.Qf6+ Qxf6
30.exf6+ Kh7 31.Bc4 Ra7 32.Ne5 g5 33.g3 Rc7 34.f4 gxf4 35.gxf4 Rcc8 36.Bxf7 Rcd8
37.Re6 Nd7 38.Re7 Nxe5 39.fxe5 h5 40.Bc4+ Kg6 41.f7  1-0

[Event "11th Lichtenberger Sommer 2012"]
[Site "Berlin GER"]
[Date "2012.08.20"]
[Round "3.48"]
[White "Montolio Benedicto,C"]
[Black "Bergmann,Jen"]
[Result "1/2-1/2"]
[WhiteElo "1956"]
[BlackElo "1946"]

1.e4 g6 2.d4 Bg7 3.c4 d6 4.Nc3 Nf6 5.Nf3 O-O 6.Be2 Nbd7 7.O-O e5 8.d5 h6
9.h3 Kh7 10.Be3 Ng8 11.Qc2 Ne7 12.Rac1 f5 13.Ne1 Nf6 14.Bd3 f4 15.Bd2 g5
16.Be2 g4 17.Bxg4 Nxg4 18.hxg4 Bxg4 19.f3 Bh5 20.Nd3 Ng6 21.Be1 Bf6 22.c5 Bh4
23.Bxh4 Nxh4 24.cxd6 cxd6 25.Nb5 Qb6+ 26.Qf2 Nxf3+ 27.gxf3 Qxb5 28.Qh4 Bf7
29.Nf2 Rg8+ 30.Kh1 Qd7 31.Ng4 Rg6 32.Rc2 Rc8 33.Rh2 Qd8 34.Qxd8 Rxd8 35.Rc1 Rd7
36.Rhc2 h5 37.Rh2 Kg7 38.Nf2 Rg3 39.Rh3 Rg5 40.Nd3 Be8 41.Rh2 Kf6 42.Rg2 Rxg2
43.Kxg2 Rg7+ 44.Kh2 Bb5 45.Ne1 b6 46.Ng2 Be2 47.Nh4 Rg3 48.Rc6 Bxf3 49.Rxd6+ Kg5
50.Nxf3+ Rxf3 51.Re6 Rf2+ 52.Kh3 Rf3+  1/2-1/2

[Event "ZMDI Open A 2012"]
[Site "Dresden GER"]
[Date "2012.08.20"]
[Round "3"]
[White "Wichmann,C"]
[Black "Szabo,Krisz1"]
[Result "1/2-1/2"]
[WhiteElo "2352"]
[BlackElo "2548"]

1.d4 Nf6 2.c4 g6 3.Nc3 Bg7 4.e4 d6 5.Nf3 O-O 6.Be2 e5 7.Be3 Ng4 8.Bg5 f6
9.Bc1 exd4 10.Nxd4 f5 11.O-O fxe4 12.Bxg4 Bxg4 13.Qxg4 Bxd4 14.Qxe4 Nc6 15.Be3 Bg7
16.c5 dxc5 17.Bxc5 Rf5 18.Rad1 Qe8 19.Qc4+ Qf7 20.Qxf7+ Rxf7 21.Rfe1 b6 22.Be3 Re8
23.Kf1 Na5 24.Bd4 Rxe1+  1/2-1/2

[Event "2nd Isthmia Open A"]
[Site "Korinthia GRE"]
[Date "2012.08.20"]
[Round "4.10"]
[White "Antic,De"]
[Black "Nikolaou,G"]
[Result "1-0"]
[WhiteElo "2506"]
[BlackElo "2224"]

1.d4 Nf6 2.c4 g6 3.Nc3 Bg7 4.e4 d6 5.Nf3 O-O 6.Be2 Na6 7.O-O e5 8.Be3 Qe8
9.h3 exd4 10.Bxd4 Qe7 11.Bd3 c6 12.Re1 Nd7 13.Bxg7 Kxg7 14.Nd4 Qf6 15.Bf1 Ndc5
16.Qd2 Bd7 17.f4 Ne6 18.Nxe6+ Bxe6 19.Rad1 Rad8 20.Qe3 Bc8 21.Rd2 Nc7 22.Red1 Rfe8
23.g3 a6 24.Qd4 Qxd4+ 25.Rxd4 Re6 26.Kf2 Kf8 27.c5 d5 28.exd5 cxd5 29.Nxd5 Nxd5
30.Rxd5 Rxd5 31.Rxd5 Ke7 32.h4 Rc6 33.b4 Be6 34.Rd2 Rc7 35.Bg2 Bd7 36.Rd6 Bc6
37.Bf3 a5 38.a3 axb4 39.axb4 Bb5 40.Ke3 Bc6 41.Be4 Bb5 42.Kd4 Bd7 43.Bd5 Bb5
44.g4 Bd7 45.g5  1-0

[Event "14th Sants Open A"]
[Site "Barcelona ESP"]
[Date "2012.08.21"]
[Round "5.15"]
[White "Hungaski,R"]
[Black "Valdes,Le"]
[Result "1-0"]
[WhiteElo "2486"]
[BlackElo "2366"]

1.Nf3 Nf6 2.c4 d6 3.d4 g6 4.Nc3 Bg7 5.e4 O-O 6.Be2 e5 7.Be3 Nbd7 8.O-O Qe7
9.dxe5 dxe5 10.Nd5 Qd8 11.Qc2 Ng4 12.Bg5 f6 13.Bd2 c6 14.Ne3 Nh6 15.Bb4 Re8
16.Rfd1 Bf8 17.c5 Qc7 18.a4 Be7 19.a5 Nb8 20.Qc4+ Kg7 21.Bc3 Bf8 22.b4 Be6
23.Qd3 Na6 24.Qc2 Nf7 25.Nd2 Rad8 26.Qb2 Be7 27.Ndc4 Rxd1+ 28.Rxd1 Rd8 29.Rf1 Kg8
30.g3 Bh3 31.Ng2 Ng5 32.Nd2 Be6 33.f4 Nh3+ 34.Kh1 exf4 35.gxf4 Qc8 36.Ne3 Nc7
37.Ndc4 Qd7 38.f5 Bf7 39.Bxf6 Bxf6 40.Qxf6 g5 41.Ng4  1-0

[Event "11th Lichtenberger Sommer 2012"]
[Site "Berlin GER"]
[Date "2012.08.21"]
[Round "4.4"]
[White "Franco Alonso,A"]
[Black "Boetzer,D"]
[Result "1-0"]
[WhiteElo "2477"]
[BlackElo "2277"]

1.d4 Nf6 2.c4 g6 3.Nc3 Bg7 4.e4 d6 5.Nf3 O-O 6.Be2 e5 7.Be3 h6 8.O-O Ng4
9.Bc1 Nc6 10.d5 Ne7 11.Ne1 f5 12.Bxg4 fxg4 13.g3 g5 14.Be3 Ng6 15.c5 Rf7
16.cxd6 cxd6 17.a4 Bf8 18.Nb5 Bd7 19.Nd3 a6 20.Na3 Rf3 21.Ne1 Rf7 22.Nc4 b5
23.Nb6 Rb8 24.a5 Ne7 25.Nd3 b4 26.Nxb4 Bb5 27.Qxg4  1-0

[Event "11th Lichtenberger Sommer 2012"]
[Site "Berlin GER"]
[Date "2012.08.21"]
[Round "4.27"]
[White "Dimitrijeski,K"]
[Black "Koenig,Fr"]
[Result "1-0"]
[WhiteElo "2165"]
[BlackElo "1949"]

1.d4 Nf6 2.c4 g6 3.Nc3 Bg7 4.e4 d6 5.Nf3 O-O 6.Be2 e5 7.d5 a5 8.O-O Na6 9.Bg5 h6
10.Bh4 Nc5 11.Nd2 g5 12.Bg3 Nh7 13.b3 f5 14.f3 f4 15.Bf2 Nd7 16.a3 Rf7 17.b4 b6
18.c5 bxc5 19.bxc5 Bf8 20.cxd6 Bxd6 21.Nb5 Bc5 22.Bxc5 Nxc5 23.Rc1 Na6 24.Nc4 Qf6
25.d6 Be6 26.Nxa5 cxd6 27.Qxd6 Rd7 28.Qc6 Rdd8 29.Bc4 Nf8 30.Bxe6+ Qxe6 31.Qxe6+ Nxe6
32.Nc4 Nd4 33.Nxd4 exd4 34.Nb6 Ra7 35.Nd5 Nb8 36.Rfd1 Rxa3 37.Rxd4 Kh8 38.Rdc4 Nd7
39.Rc6 Ne5 40.Rxh6+ Kg7 41.Rb6 Nd3 42.Rc7+  1-0

[Event "12th ch-Euro Seniors"]
[Site "Kaunas LTU"]
[Date "2012.08.21"]
[Round "4.26"]
[White "Jorgensen,A"]
[Black "Nordby,B"]
[Result "1/2-1/2"]
[WhiteElo "1983"]
[BlackElo "2150"]

1.d4 Nf6 2.c4 d6 3.Nf3 g6 4.Nc3 Bg7 5.e4 O-O 6.Be2 e5 7.dxe5 dxe5 8.Qxd8 Rxd8
9.Bg5 Nbd7 10.Rd1 Rf8 11.O-O c6 12.b4 a5 13.b5 Nc5 14.Bxf6 Bxf6 15.bxc6 bxc6
16.Rd6 Be7 17.Rxc6 Bb7 18.Rb6 Bxe4 19.Nxe4 Nxe4 20.Nxe5 Rac8 21.Rb7 Rfe8
22.Bf3 Nd6 23.Ra7 Nxc4 24.Nxc4 Rxc4 25.Rxa5 Bc5 26.Ra8 Rxa8 27.Bxa8 Rc2 28.a4 Ba7
29.Bd5 Kf8 30.g3 f6 31.Kg2 g5 32.Be4 Ra2 33.Bxh7 Rxa4 34.h3 Ra2 35.Bf5 Ra5
36.Be4 Ra2 37.Kf3 Kg7 38.h4 gxh4 39.gxh4 Rxf2+ 40.Rxf2 Bxf2 41.Kxf2 f5  1/2-1/2

[Event "12th ch-Euro Seniors"]
[Site "Kaunas LTU"]
[Date "2012.08.21"]
[Round "4.17"]
[White "Kaunas,K"]
[Black "Malachi,A"]
[Result "1/2-1/2"]
[WhiteElo "2255"]
[BlackElo "2127"]

1.d4 Nf6 2.c4 g6 3.Nc3 Bg7 4.e4 d6 5.Nf3 O-O 6.Be2 e5 7.Be3 Nc6 8.d5 Ne7
9.Nd2 Ne8 10.g4 f5 11.gxf5 gxf5 12.Bg5 Bf6 13.h4 Ng6 14.Nf3 Nf4 15.Qd2 Kh8
16.O-O-O fxe4 17.Nxe4 Nxe2+ 18.Qxe2 Bg4 19.Rd3 Qd7 20.Nxf6 Nxf6 21.Qe3 Bxf3
22.Qxf3 Ng4 23.Qh3 Qf5 24.Rb3 Nxf2 25.Qxf5 Rxf5 26.Re1 b6 27.Kd2 a5 28.Re2 Ng4
29.Rg3 h5 30.b3 Raf8 31.a3 Rf1 32.Kc2 Kg7 33.b4 axb4 34.axb4 Ra8 35.Rb3 Kg6
36.Rc3 Kf5 37.c5 bxc5 38.bxc5  1/2-1/2

[Event "14th Sants Open A"]
[Site "Barcelona ESP"]
[Date "2012.08.22"]
[Round "6.12"]
[White "Beltran Rueda,S"]
[Black "Hungaski,R"]
[Result "1-0"]
[WhiteElo "2383"]
[BlackElo "2486"]

1.Nf3 Nf6 2.c4 g6 3.Nc3 Bg7 4.e4 d6 5.d4 O-O 6.Be2 e5 7.d5 a5 8.Bg5 h6 9.Bh4 Na6
10.Nd2 Qe8 11.O-O Bd7 12.Kh1 Nh7 13.f3 Bf6 14.Bf2 h5 15.Rb1 h4 16.a3 a4 17.Nb5 Bg5
18.b4 axb3 19.Nxb3 b6 20.a4 f5 21.exf5 gxf5 22.a5 bxa5 23.Ra1 Qg6 24.Rxa5 Kh8
25.Qa1 Rg8 26.Rg1 Bc8 27.c5 Bf4 28.Ra4 Bg3 29.Bxg3 hxg3 30.cxd6 cxd6 31.Rc1 Qh6
32.h3 Bb7 33.Qa3 Rgd8 34.Nc3 Nc7 35.Bf1 Nxd5 36.Nxd5 Bxd5 37.Rd1 Qf4 38.Na5 Be4
39.fxe4 fxe4 40.Nc6 Rxa4 41.Qxa4 Rf8 42.Qa1 Nf6 43.Ne7 Kh7 44.Be2 Qf2 45.Qa6 d5
46.Rf1 e3 47.Rxf2 exf2 48.Qd3+ Ne4 49.Nxd5 Kh8 50.Bf1  1-0

[Event "ZMDI Open A 2012"]
[Site "Dresden GER"]
[Date "2012.08.22"]
[Round "5"]
[White "Sbarra,M"]
[Black "Meier,V"]
[Result "0-1"]
[WhiteElo "2289"]
[BlackElo "2232"]

1.d4 Nf6 2.c4 g6 3.Nc3 Bg7 4.e4 d6 5.Nf3 O-O 6.Be2 e5 7.d5 a5 8.Bg5 h6 9.Bh4 Na6
10.Nd2 Qe8 11.O-O Bd7 12.Kh1 Nh7 13.Nb3 h5 14.f3 a4 15.Nc1 Bh6 16.Nd3 Be3
17.Nb5 Bxb5 18.cxb5 Nc5 19.Nxc5 Bxc5 20.a3 Kg7 21.Rc1 c6 22.dxc6 bxc6 23.Bf2 Bxf2
24.Rxf2 cxb5 25.Qxd6 Rd8 26.Qb4 Rd4 27.Qxb5 Qxb5 28.Bxb5 Rb8 29.Bc6 Nf6 30.h4 Ng8
31.Bd5 Ne7 32.Ba2 Rbd8 33.Rc7 Kf8 34.Ra7 Rc8 35.Kh2 Rc1 36.Ra8+ Nc8 37.Bd5 Ke7
38.f4 exf4 39.Rxf4 f5 40.exf5 Rxf4 41.Be6 Rxh4+ 42.Kg3 Rg4+ 43.Kf3  0-1

[Event "21st Feffernitz Open"]
[Site "Feffernitz AUT"]
[Date "2012.08.22"]
[Round "5.19"]
[White "Saringer,H"]
[Black "Poletti,F"]
[Result "1/2-1/2"]
[WhiteElo "1798"]
[BlackElo "1950"]

1.d4 Nf6 2.c4 g6 3.Nc3 Bg7 4.e4 d6 5.Nf3 O-O 6.Be2 Na6 7.O-O e5 8.Bg5 Qe8
9.d5 Nd7 10.Qd2 c5 11.Bh6 f5 12.Bxg7 Kxg7 13.h3 Qe7 14.g4 g5 15.Ne1 Nf6 16.f3 Bd7
17.Nd3 Rh8 18.Kg2 h5 19.Rh1 hxg4 20.hxg4 Rac8 21.b4 Kg6 22.b5 Nb8 23.a4 Qg7
24.Raf1 b6 25.Qe1 Rxh1 26.Rxh1 Rh8 27.Rxh8 Qxh8 28.Qh1  1/2-1/2

[Event "12th ch-Euro Seniors"]
[Site "Kaunas LTU"]
[Date "2012.08.22"]
[Round "5.50"]
[White "Deiana,G"]
[Black "Pintauro,Tonino"]
[Result "1/2-1/2"]
[WhiteElo "1679"]
[BlackElo "1609"]

1.d4 Nf6 2.c4 g6 3.Nc3 Bg7 4.e4 d6 5.Nf3 O-O 6.Be2 e5 7.dxe5 dxe5 8.Qxd8 Rxd8
9.Bg5 Re8 10.Nd5 Nxd5 11.cxd5 c6 12.Bc4 b5 13.Bd3 a5 14.a4 Bd7 15.dxc6 Nxc6
16.axb5 Nb4 17.O-O  1/2-1/2

[Event "11th Lichtenberger Sommer 2012"]
[Site "Berlin GER"]
[Date "2012.08.23"]
[Round "6.30"]
[White "Dimitrijeski,K"]
[Black "Schmidt,Markus1"]
[Result "1/2-1/2"]
[WhiteElo "2165"]
[BlackElo "2051"]

1.d4 Nf6 2.c4 g6 3.Nc3 Bg7 4.e4 d6 5.Nf3 O-O 6.Be2 e5 7.dxe5 dxe5 8.Qxd8 Rxd8
9.Bg5 Re8 10.O-O-O Na6 11.Ne1 Be6 12.f3 h6 13.Be3 Rad8 14.Nc2 c6 15.Bxa7 Bf8
16.Be3 Ra8 17.Rd2 Nc5 18.b3 Nh5 19.g3 f5 20.Kb2 Nf6 21.exf5 gxf5 22.Rhd1 Bf7
23.Ne1 e4 24.f4 Ne6 25.Nc2 h5 26.a4 Ng4 27.Bxg4 hxg4 28.Rd7 Rab8 29.Ba7 Nc5
30.Bxc5 Bxc5 31.Nd4 Be6 32.Nxe6 Rxe6 33.Ne2 Rh6 34.Rh1 b5 35.axb5 cxb5 36.Rd5 Bf8
37.cxb5 Bg7+ 38.Kc2 Ra8 39.Nc1 Rc8+ 40.Kd2 Bc3+ 41.Ke3 Rf6 42.Rhd1 Ba5 43.Ne2 Bb6+
44.Nd4 Rc3+ 45.Kd2 Bxd4 46.Rxd4 Rxb3 47.Rc4 Kg7 48.Rc7+ Kg6 49.Rc6 Rb2+ 50.Ke3 Rxh2
51.Rcd6 Rxd6 52.Rxd6+ Kf7 53.b6 Rb2 54.Rc6 Rb3+ 55.Kd2 Ke7 56.Kc2 Rb5 57.Kc3 Kd7
58.Rf6 Ke7 59.Rh6 Kd7 60.Kc4 Rb1 61.Kd5 Rb5+ 62.Kc4 Rb1 63.Rf6 Rc1+ 64.Kd4 Rd1+
65.Ke3 Rd3+ 66.Kf2 Rd5 67.Rf7+ Kc8 68.Re7 Rb5 69.Re5 Rxb6 70.Rxf5 Rb2+ 71.Ke3 Rb3+
72.Kxe4 Rxg3 73.Rd5 Rg1 74.f5 Rf1 75.Rd3 Rf2 76.Ke5 Rf3 77.Rd1 g3 78.Ke6 Re3+
79.Kf7 g2 80.f6 Rg3 81.Rg1 Kd7 82.Kf8 Ke6 83.f7 Kf6 84.Ke8 Re3+ 85.Kd8 Kxf7
86.Rxg2  1/2-1/2

[Event "EY Boys U18 2012"]
[Site "Prague CZE"]
[Date "2012.08.23"]
[Round "7.42"]
[White "Alfimov,Igor"]
[Black "Krusina,P"]
[Result "1-0"]
[WhiteElo "1969"]
[BlackElo "1922"]

1.d4 Nf6 2.c4 g6 3.Nc3 Bg7 4.e4 d6 5.Nf3 O-O 6.Be2 e5 7.d5 Ne8 8.Bg5 f6 9.Bh4 Nd7
10.Nd2 Rf7 11.O-O g5 12.Bg3 Nf8 13.b4 Ng6 14.Rc1 Bf8 15.Kh1 b6 16.a3 Bd7
17.Nb3 f5 18.exf5 Bxf5 19.Bd3 Ng7 20.Bxf5 Nxf5 21.Ne4 h6 22.Qe2 Qd7 23.Rfd1 Re8
24.Re1 Nf4 25.Bxf4 exf4 26.Nf6+ Rxf6 27.Qxe8 Qg7 28.Qe4 Rf7 29.Qd3 g4 30.Re4 Nh4
31.Nd4 Ng6 32.Ne6  1-0

[Event "ZMDI Open A 2012"]
[Site "Dresden GER"]
[Date "2012.08.24"]
[Round "7"]
[White "Boettger,L"]
[Black "Heinig,Wo"]
[Result "1-0"]
[WhiteElo "2225"]
[BlackElo "2318"]

1.d4 Nf6 2.c4 d6 3.Nc3 Nbd7 4.e4 e5 5.Nf3 g6 6.Be2 Bg7 7.O-O O-O 8.Re1 c6
9.Bf1 a5 10.Rb1 exd4 11.Nxd4 Re8 12.Bf4 Ne5 13.f3 Bd7 14.Kh1 Nh5 15.Be3 Qh4
16.Kg1 Qe7 17.Na4 c5 18.Nb5 Bxb5 19.cxb5 Qc7 20.Qc2 Nf6 21.Rbd1 Rad8 22.Nc3 h6
23.Nd5 Nxd5 24.Rxd5 Nd7 25.Bc4 Nb6 26.Rd2 d5 27.Bxd5 Nxd5 28.exd5 Be5 29.Qxc5 Bxh2+
30.Kf1 Qg3 31.Bf2 Qg5 32.Rde2 Rxe2 33.Rxe2 Qf5 34.Re4 Kh7 35.d6 Bxd6 36.Qxf5 gxf5  1-0

[Event "12th ch-Euro Seniors"]
[Site "Kaunas LTU"]
[Date "2012.08.24"]
[Round "7.43"]
[White "Henrichsen,J"]
[Black "Pitkanen,Ju"]
[Result "1/2-1/2"]
[WhiteElo "1887"]
[BlackElo "1761"]

1.d4 Nf6 2.c4 g6 3.Nc3 Bg7 4.e4 d6 5.Be2 O-O 6.Nf3 Na6 7.O-O e5 8.d5 Nc5
9.Qc2 a5 10.Ne1 Ne8 11.b3 f5  1/2-1/2